[Event "Girona Tardor op 4th"]
[Site "Girona"]
[Date "2020.09.22"]
[Round "3"]
[White "Burset Camps, Guillem"]
[Black "Tarrago Compte, Carina"]
[Result "1-0"]
[WhiteElo "1570"]
[BlackElo "1477"]
[PlyCount "41"]
[EventDate "2020.09.15"]
[EventType "swiss"]
[EventRounds "8"]
[EventCountry "ESP"]
[SourceTitle "EXT 2022"]
[Source "ChessBase"]
[SourceDate "2021.10.06"]
[SourceVersion "1"]
[SourceVersionDate "2021.10.06"]
[SourceQuality "1"]

1. d4 d5 2. Nf3 Nc6 3. c4 e6 4. Nc3 g6 5. Bg5 Be7 6. Bxe7 Ngxe7 7. e3 f6 8. Rc1 e5 9. dxe5 fxe5 10. cxd5 Na5 11. b4 c6 12. bxa5 cxd5 13. Bb5+ Bd7 14. Bxd7+ Qxd7 15. Nxe5 Qd6 16. Qa4+ Nc6 17. Nxc6 Qxc6 18. Qd4 Rf8 19. 0-0 Qd7 20. Nxd5 Kd8 21. Qh4+ 1-0